000 00424nam a2200181Ia 4500
001 12959
005 20260306163018.0
008 260306t1990||||xx |||||||||||||| ||spa||
041 _aESP
082 _a467.985
_bA76
100 _aAlvarez Vita, Juan
_eAUT
245 0 _aDiccionario de peruanismos
260 _c1990
300 _a185 páginas :
_c21 cm.
650 _aGEN
654 _aCHU
942 _cDIC
_dJUS
_fJUS
_2ddc
_n
999 _c12959
_d12959